Impuesto a la Herencia y la Transmisión Gratuita de Bienes (Registro nro. 13244)
[ vista simple ]
| 000 -LEADER | |
|---|---|
| fixed length control field | 00542 a2200181 4500 |
| 001 - CONTROL NUMBER | |
| control field | ART_8374 |
| 005 - DATE AND TIME OF LATEST TRANSACTION | |
| control field | 20260410161640.0 |
| 008 - FIXED-LENGTH DATA ELEMENTS--GENERAL INFORMATION | |
| fixed length control field | 260409a |
| 100 1# - MAIN ENTRY--PERSONAL NAME | |
| Personal name | Aiub, Eva |
| 245 10 - TITLE STATEMENT | |
| Title | Impuesto a la Herencia y la Transmisión Gratuita de Bienes |
| 700 1# - ADDED ENTRY--PERSONAL NAME | |
| Personal name | Blanco, José |
| 700 1# - ADDED ENTRY--PERSONAL NAME | |
| Personal name | Januszewski, Karina |
| 700 1# - ADDED ENTRY--PERSONAL NAME | |
| Personal name | Moreno, Carolina |
| 700 1# - ADDED ENTRY--PERSONAL NAME | |
| Personal name | Rebolo, María del Carmen |
| 700 1# - ADDED ENTRY--PERSONAL NAME | |
| Personal name | Rosello, Roberto |
| 700 1# - ADDED ENTRY--PERSONAL NAME | |
| Personal name | Taub, Isidoro L. |
| 773 0# - HOST ITEM ENTRY | |
| Title | Consultor tributario |
| Related parts | - Vol. 3, Nº 35 (ene. 2010) |
| Record control number | REV474 |
No hay ítems disponibles.